COMMUNICATION SATELLITE (Record no. 567458)

000 -LEADER
fixed length control field 00262nam a22001097a 4500
082 ## - DEWEY DECIMAL CLASSIFICATION NUMBER
Classification number 621.3825 MUE'C
100 ## - MAIN ENTRY--PERSONAL NAME
Personal name SPANGLER, E. R,MUELLER, G. E
9 (RLIN) 57156
245 ## - TITLE STATEMENT
Title COMMUNICATION SATELLITE
260 ## - PUBLICATION, DISTRIBUTION, ETC.
Place of publication, distribution, etc. NEWYORK
Name of publisher, distributor, etc. JOHN WILEY
Date of publication, distribution, etc. 1964
300 ## - PHYSICAL DESCRIPTION
Extent 280P
942 ## - ADDED ENTRY ELEMENTS (KOHA)
Koha item type Book
Holdings
Withdrawn status Lost status Damaged status Not for loan Permanent Location Current Location Shelving location Date acquired Total Checkouts Full call number Barcode Date last seen Price effective from Koha item type
        College of Electrical & Mechanical Engineering (CEME) College of Electrical & Mechanical Engineering (CEME) General Stacks 07/12/2017   621.3825 MUE'C CEME-4331 06/28/2021 06/28/2021 Book
© 2023 Central Library, National University of Sciences and Technology. All Rights Reserved.